000
00503nam a2200169Ia 4500
008
090123s9999 xx 000 0 und d
082
_b
677
_a
891.463/भागवत
100
_a
भागवत शशि
245
_a
मर्मभेद भाग एक
250
_a
0
300
_a
237
600
_a
भागवत शशि
630
_a
मर्मभेद भाग एक
700
_a
भागवत शशि
730
_a
मर्मभेद भाग एक
942
_c
BOOK
999
_c
38764
_d
38764